5 Pays ayant le plus de site au patrimoine mondial de l'UNESCO - Statistiques

Statistiques générales
  • Ce quiz a été pris 67 fois
  • Le résultat moyen est 28 sur 34
Statistiques - réponses
Continent Nombre de site Pays % Correct
Amérique du Nord 36 Mexique
100%
Amérique du Nord 19 Canada
98%
Amérique du Nord 23 Etats-Unis
98%
Amérique du Sud 23 Brésil
96%
Asie 57 Chine
96%
Europe 52 Allemagne
95%
Amérique du Sud 11 Argentine
95%
Océanie 20 Australie
95%
Europe 52 France
95%
Asie 23 Japon
95%
Amérique du Sud 13 Pérou
95%
Europe 50 Espagne
93%
Europe 59 Italie
91%
Europe 47 Russie
91%
Afrique 7 Algérie
89%
Amérique du Sud 8 Colombie
89%
Afrique 9 Maroc
89%
Amérique du Sud 7 Bolivie
87%
Amérique du Nord 9 Cuba
87%
Océanie 3 Nouvelle-Zélande
87%
Asie 41 Inde
84%
Afrique 11 Afrique du Sud
78%
Afrique 9 Tunisie
78%
Océanie 1 Fidji
73%
Asie 26 Iran
69%
Amérique du Nord 6 Panama
65%
Océanie 1 Papouasie Nouvelle-Guinée
65%
Océanie 1 Îles Salomon
64%
Asie 20 Turquie
60%
Océanie 1 États fédérés de Micronésie
58%
Océanie 1 Îles Marshall
58%
Océanie 1 Kiribati
58%
Océanie 1 Vanuatu
55%
Afrique 11 Ethiopie
51%
Aucun quiz correspondant
Distribution des résultats
% des personnes avec chaque résultat
Percentile par nombre de réponses
Votre historique - résultats
Vous n’avez pas pris ce quiz